1975 1655 1059 1970 1373 1658 1747 1560 1048 1048 1401 1028 1506 1522 1846 1574 1045 1406 1419 1430 1960 1083 1390 1190 1287 1410 1103 1797 1677 1209 1374 1342 1011 1524 1123 1223 1042 1791 1951 1872 1219 1925 1720 1934 1039 1919 1926 1834 1009 1368 1312 1217 1899 1787 1989 1085 1940 1531 1731 1055 1607 1184 1236 1470 1376 1379 1430 1042 1603 1176 1488 1799 1272 1086 1795 1774 1117 1935 1977 1599 1242 1042 1573 1000 1915 1767 1439 1831 1897 1714 1060 1093 1446 1531 1433 1776 1107 1347 1903 BCNSPRNW ULIB Ver.6.0+V

เปลี่ยนเป็นภาษาไทย

Change to English
 แสดงรายละเอียดบรรณานุกรม
  กลับหน้าหลัก

Brief Record : Get Marc (ISO 2709) : E-mail record : QR code < ปิดหน้าต่าง
LEADER : 00000nam 2200000uu 4500
001    13399113840
003     ULIB
008    120110s||||||||th 000 0 tha d
099    วจ.WM172^bต173ค
100 0  ตริตาภรณ์ สร้อยสังวาลย์
245 00 ความเครียดและความมีคุณค่าในตนเองของนักศึกษาพยาบาลศาสตร์บัณฑิต/^cตริตาภรณ์ สร้อยสังวาลย์
260    ราชบุรี :^bวิทยาลัยพยาบาลบรมราชชนนี จักรีรัช,^c2554
300    72 หน้า :^bตาราง
500    รายงานการวิจัย
650  7 ความเครียด^xวิจัย
710 1  วิทยาลัยพยาบาลบรมราชชนนี จักรีรัช
945    ^p0^l0^i030910
995    ทศพร
999 ^a ทศพร
รายการนี้ยังไม่มีแท็ก
คุณยังไม่ได้ล็อกอิน คุณสามารถมีกิจกรรมร่วมกับเว็บไซต์ได้ แต่ต้องล็อกอินก่อน ::
  ล็อกอิน

รายการสื่อสารสนเทศ

ลำดับที่ ประเภท เลขเรียก/บาร์โค้ด สถานที่ สถานะ
1. งานวิจัย
งานวิจัย
วจ.WM172 ต173ค ฉ.1 
  Barcode: 030910
ห้องสมุดวิทยาเขตสวรรค์ประชารักษ์
►วิจัย
บนชั้น

BibComment


ยังไม่เคยถูกคอมเมนท์

คอมเมนท์ทรัพยากรรายการนี้
  คอมเมนท์: ความเครียดและความ..


 Copyright 2026. Bcnsprnw @Library